000 00267nam a2200097Ia 4500
008 241105s9999 xx 000 0 und d
041 _aeng
100 _aThokal Rupali
_9183194
245 _aMapping The Night Light Pollution, Pune
260 _bBNCA M Arch EA, Pune
_c2017
999 _c361489
_d361489